Economic report on Scottish agriculture 2009 edition (Record no. 109727)
[ view plain ]
| 000 -LEADER | |
|---|---|
| fixed length control field | 00990cam a22002415a 4500 |
| 001 - CONTROL NUMBER | |
| control field | E147802 |
| 008 - FIXED-LENGTH DATA ELEMENTS--GENERAL INFORMATION | |
| fixed length control field | 090619s2009 stk f ss000 0 eng u |
| 020 ## - INTERNATIONAL STANDARD BOOK NUMBER | |
| International Standard Book Number | 9780755980581 |
| 035 ## - SYSTEM CONTROL NUMBER | |
| System control number | (Sirsi) u147802 |
| 041 ## - LANGUAGE CODE | |
| Language code of text/sound track or separate title | eng |
| 050 ## - LIBRARY OF CONGRESS CALL NUMBER | |
| Classification number | 630.09411 $2 18 |
| 110 2# - MAIN ENTRY--CORPORATE NAME | |
| Corporate name or jurisdiction name as entry element | Scottish Government Rural and Environment Research and Analysis Directorate |
| 9 (RLIN) | 5553 |
| 245 00 - TITLE STATEMENT | |
| Title | Economic report on Scottish agriculture 2009 edition |
| Medium | [electronic resource] |
| 260 ## - PUBLICATION, DISTRIBUTION, ETC. | |
| Place of publication, distribution, etc. | Edinburgh |
| Name of publisher, distributor, etc. | Scottish Government |
| Date of publication, distribution, etc. | 2009 |
| 300 ## - PHYSICAL DESCRIPTION | |
| Extent | viii, 96p. |
| Dimensions | 30cm |
| 350 ## - PRICE (NR) (BK AM CF MU VM SE) [OBSOLETE] | |
| Price | 16.50 |
| 520 ## - SUMMARY, ETC. | |
| Summary, etc. | Statistical report which includes figures on aggregate output, input and income; financial results by type of farm; and the agricultural census results. |
| 590 ## - LOCAL NOTE (RLIN) | |
| Local note | KA |
| 651 #4 - SUBJECT ADDED ENTRY--GEOGRAPHIC NAME | |
| Geographic name | Scotland |
| Chronological subdivision | 1999- |
| 690 ## - LOCAL SUBJECT ADDED ENTRY--TOPICAL TERM (OCLC, RLIN) | |
| Topical term or geographic name as entry element | ENVIRONMENTAL AND LAND CONSULTANCY-AGRIBUSINESS-AGRICULTURE |
| 856 41 - ELECTRONIC LOCATION AND ACCESS | |
| Uniform Resource Identifier | <a href="https://www.scotland.gov.uk/Publications/2009/06/16142957/0">https://www.scotland.gov.uk/Publications/2009/06/16142957/0</a> |
| Public note | View the report free of charge at www.scotland.gov.uk... |
| 942 ## - ADDED ENTRY ELEMENTS (KOHA) | |
| Suppress in OPAC | 0 |
| Withdrawn status | Lost status | Source of classification or shelving scheme | Damaged status | Not for loan | Home library | Current library | Shelving location | Date acquired | Total Checkouts | Full call number | Barcode | Date last seen | Copy number | Price effective from | Koha item type |
|---|---|---|---|---|---|---|---|---|---|---|---|---|---|---|---|
| Dewey Decimal Classification | Virtual | Virtual | Online | 19/06/2009 | ONLINE PUBLICATION | 147802-2001 | 06/08/2019 | 1 | 06/08/2019 | Book |